FLORILEGIO LATINO

VOL.I

Tallennettuna:
Bibliografiset tiedot
Päätekijä: Ruiz, Gregorio (autor)
Aineistotyyppi: Kirja
Tagit: Lisää tagi
Ei tageja, Lisää ensimmäinen tagi!

MARC

LEADER 00000nam^a2200000^a^4500
001 000211967
005 20250521000000.0
009 20260310103440.394
035 |a 020755 
037 |a Acervo Xavier Clavigero 
082 |a 445.  |b RUI 
100 |a Ruiz, Gregorio  |e (autor) 
245 1 0 |a FLORILEGIO LATINO 
264 |a SANTANDER :  |b SAL TERRAE,  |c 1941 
336 |a texto  |b txt  |2 rdacontenido 
337 |a sin mediación  |b n  |2 rdamedio 
338 |a volumen  |b nc  |2 rdasoporte 
520 |a VOL.I 
649 |a XX 
910 |a Fondo General 
920 |a Impresos - Libros 
930 |a Colección General 
905 |a 101 
901 |a 020755  |b IT1  |c ACC  |i 020755  |u 20250521 
902 |a https://opac.biblio.iteso.mx/vufind/Record/000211967